Repensar a Santo Tomás de Aquino : a 700 años de su canonización /

Bibliographic Details
Other Authors: Casales García, Roberto (Editor), Reyes Cárdenas, Paniel (Editor)
Format: Electronic eBook
Language:Spanish
Published: Bogotá : [Puebla de Zaragoza, México] : Editorial Aula de Humanidades ; UPAEP, 2023.
Edition:Primera edición.
Series:Colección Filosofía clásica (Editorial Aula de Humanidades)
Subjects:
Online Access:Digitalia Hispánica

MARC

LEADER 00000nam a2200000 i 4500
001 DIGAUHUM0047
003 NyNyDIG
007 cr |||||||||||
008 250503s2023 ck ob 001 0 spa d
006 m o d
035 |a (OCoLC)1519505009 
040 |a DGITA  |b eng  |e rda  |e pn  |c DGITA 
020 |a 9786287625914  |q (versión digital) 
020 |z 9786287625907  |q (versión impresa) 
050 1 4 |a B765.T54 ebook 
245 0 0 |a Repensar a Santo Tomás de Aquino :  |b a 700 años de su canonización /  |c Roberto Casales García, Paniel Reyes Cárdenas, editores. 
250 |a Primera edición. 
264 1 |a Bogotá :  |b Editorial Aula de Humanidades ;  |a [Puebla de Zaragoza, México] :  |b UPAEP,  |c 2023. 
300 |a 1 online resource. 
336 |a text  |b txt  |2 rdacontent 
337 |a computer  |b c  |2 rdamedia 
338 |a online resource  |b cr  |2 rdacarrier 
347 |a text file  |2 rdaft 
347 |b PDF 
490 1 |a Colección Filosofía clásica 
504 |a Includes bibliographical references and indexes. 
588 0 |a Online resource; title from PDF title page (Digitalia, viewed May 3, 2025) 
600 0 0 |a Thomas,  |c Aquinas, Saint,  |d 1225?-1274. 
650 0 |a Christian philosophers. 
650 0 |a Philosophy, Medieval. 
700 1 |a Casales García, Roberto,  |e editor. 
700 1 |a Reyes Cárdenas, Paniel,  |e editor. 
791 2 |a Digitalia (Firm),  |e distributor. 
793 0 |g Digitalia eBook Collection:  |a Editorial Aula de Humanidades 
776 0 8 |i Print version:  |t Repensar a Santo Tomás de Aquino.  |b Primera edición.  |d Bogotá : Editorial Aula de Humanidades ; [Puebla de Zaragoza, México] : UPAEP, [2023]  |z 9786287625907 
830 0 |a Colección Filosofía clásica (Editorial Aula de Humanidades) 
856 4 0 |3 Digitalia Hispánica  |u https://www.digitaliapublishing.com/a/170635/ 
910 |a Premium collection: 2025